00598pab a2200133 454500008004000000100002300040245004000063260000900103300001600112362001000128520027400138650001800412773003400430180718b2006 xxu||||| |||| 00| 0 eng d aUyangoda, Jayadeva aDialogue among ethnic-nationalists? c2006 ap.2962-963. a8 Jul aThe most effective way to manage the secessionist impulses in the Tamil polity is to reconstitute the state in such a way that the Tamils as well as other ethnic minorities share state power along with the majority Sinhalese community as political equals. - Reproduced. aEthnic groups aEconomic and Political Weekly